000 00636nam a2200205Ia 4500
003 GCL
008 140319s9999 xx 000 0 ara d
040 _aGCL /
_cGCL
082 0 4 _a616.0194
_bش ع
100 1 _aشايتو، ليون
245 1 0 _aعالم بدون الايدز: الطريقة الصحية المميزة للمعالجة الشاملة /
_cشايتو، ليون
700 1 _aسيمون مارتن
260 _a[S.N] :
_bمؤسسة الابحاث اللغوية
300 _a272 ص
490 _a
650 0 4 _aامراض فيروسية
650 0 4 _aالايدز
650 0 4 _aعلاج
942 _2ddc
_cBK
999 _c46467
_d46467